| 000 | 00357nam a22001577a 4500 | ||
|---|---|---|---|
| 003 | SGT | ||
| 020 | _a9789354666667 | ||
| 082 |
_a611 _bS24S |
||
| 100 | _aSONTAKKE, YOGESH | ||
| 245 | _aTB. OF HUMAN ANATOMY: UPPER LIMB VOL-1 & 2 | ||
| 250 | _a1ST | ||
| 260 |
_aINDIA _bCBS PUB _c2024 |
||
| 300 | _a206, 152 | ||
| 650 | _aHUMAN ANATOMY | ||
| 942 |
_2ddc _cBK |
||
| 999 |
_c33650 _d33650 |
||